| 000 | 00826nas a2200277 4500 | ||
|---|---|---|---|
| 001 | BR0000360 | ||
| 003 | BR-BrBNA | ||
| 005 | 20231205101641.0 | ||
| 007 | ta | ||
| 008 | 230509b bl.|||p| |||| 00| 00por d | ||
| 040 |
_aBR-BrBNA _bpor _cBiblioteca Nacional de Agricultura |
||
| 041 | _a(Pt) | ||
| 072 | _aH20 | ||
| 100 | 1 | _aLopes, J.F. | |
| 100 | 1 | _aBrune, S. | |
| 100 | 1 | _aHenz, G.P. | |
| 245 | 1 | _aMetodologia de avaliacao da resistencia de germoplasma de aboboras e morangas a Phytophthora capsici | |
| 650 | _aAbobora | ||
| 650 | _aRequeima | ||
| 650 | _aPlantula | ||
| 650 | _aGermoplasma | ||
| 650 | _aVariedade Resistente | ||
| 773 | 0 |
_tHorticultura Brasileira (Brazil) _xISSN 0102-0536 _g(Dec 1999), v. 17(Suppl.) p. 30-32 _wBR0000360 |
|
| 909 |
_a202311 _bLúcia _c55 _dLúcia Elande |
||
| 942 |
_2AGRIS _n0 _cANA |
||
| 999 |
_c163041 _d163041 |
||